[Event "III Weekend Hotel Corallo A"]
[Site "Imperia ITA"]
[Date "2008.11.22"]
[Round "3"]
[White "Carzolio, Luigi"]
[Black "De Luca, Fabio"]
[Result "1-0"]
[WhiteElo "1937"]
[BlackElo "1736"]
[PlyCount "103"]
[EventDate "2008.11.21"]

1. e4 c5 2. Nc3 Nc6 3. f4 e6 4. Nf3 d5 5. exd5 exd5 6. Bb5 a6 7. Bxc6+ bxc6 8.
O-O Nf6 9. Re1+ Be7 10. Qe2 Bg4 11. d3 Bxf3 12. Qxf3 O-O 13. Bd2 Re8 14. Re2
Qb6 15. Na4 Qb5 16. b3 Bd6 17. c4 Qb7 18. Rae1 Rxe2 19. Rxe2 Qd7 20. Nb6 Qb7
21. Nxa8 Qxa8 22. Ba5 Qc8 23. f5 h6 24. Bc3 d4 25. Bd2 Qc7 26. g3 Nd7 27. f6
Ne5 28. Qe4 g5 29. Qf5 Kh8 30. Kg2 Kg8 31. Bxg5 hxg5 32. Qxg5+ Kf8 33. h4 Ke8
34. h5 Kd7 35. Qf5+ Kd8 36. h6 Ng6 37. h7 Qd7 38. Qxg6 fxg6 39. h8=Q+ Kc7 40.
Qg7 Kc8 41. Qxd7+ Kxd7 42. f7 Be7 43. Kf3 Kd8 44. Re6 g5 45. Rxc6 a5 46. g4 Kd7
47. Ra6 Bf8 48. Ke4 Be7 49. Kf5 Bf8 50. Ra7+ Kd8 51. Ke6 Bg7 52. Ra8+ 1-0

[Event "III Weekend Hotel Corallo A"]
[Site "Imperia ITA"]
[Date "2008.11.22"]
[Round "3"]
[White "Gallitto, Salvatore"]
[Black "Federico, Giancarlo"]
[Result "1-0"]
[WhiteElo "1960"]
[BlackElo "1762"]
[PlyCount "43"]
[EventDate "2008.11.21"]

1. d4 d5 2. e3 Bf5 3. c4 e6 4. Nc3 c6 5. Nf3 Nd7 6. Be2 Ngf6 7. Nh4 Bg6 8. Nxg6
hxg6 9. h3 Bd6 10. Qc2 dxc4 11. Bxc4 e5 12. O-O Qe7 13. d5 e4 14. dxc6 bxc6 15.
Rd1 Qe5 16. Rxd6 Qxd6 17. Nxe4 Qe7 18. Nxf6+ Nxf6 19. b3 Rd8 20. Bb2 g5 21. Be2
Rc8 22. Qf5 1-0

[Event "III Weekend Hotel Corallo A"]
[Site "Imperia ITA"]
[Date "2008.11.22"]
[Round "3"]
[White "Mercandelli, Claudio"]
[Black "Pedemonte, Claudio"]
[Result "1/2-1/2"]
[WhiteElo "1937"]
[BlackElo "1832"]
[PlyCount "51"]
[EventDate "2008.11.21"]

1. Nf3 f5 2. c4 Nf6 3. Nc3 g6 4. d3 Bg7 5. e4 d6 6. exf5 Bxf5 7. d4 c6 8. Bd3
Bxd3 9. Qxd3 Na6 10. Ng5 Nc7 11. d5 O-O 12. O-O Qd7 13. f3 e5 14. Nge4 Nxe4 15.
Nxe4 c5 16. Bd2 b5 17. b3 b4 18. a4 a5 19. Rae1 Qf5 20. f4 Qd7 21. Qg3 Rf5 22.
fxe5 Bxe5 23. Bf4 Bd4+ 24. Be3 Be5 25. Bf4 Bd4+ 26. Be3 1/2-1/2

[Event "III Weekend Hotel Corallo A"]
[Site "Imperia ITA"]
[Date "2008.11.22"]
[Round "3"]
[White "Moschetto, Giuliano"]
[Black "Roversi, Stefano"]
[Result "0-1"]
[WhiteElo "1698"]
[BlackElo "1839"]
[PlyCount "92"]
[EventDate "2008.11.21"]

1. c4 Nf6 2. Nc3 g6 3. Nf3 Bg7 4. g3 d6 5. d4 O-O 6. Bg2 Nbd7 7. e4 c5 8. d5
Ng4 9. O-O Nde5 10. Nxe5 Nxe5 11. Qe2 f5 12. f4 Ng4 13. h3 Bd4+ 14. Kh1 Nf6 15.
e5 Nh5 16. Rf3 a6 17. e6 Nf6 18. Rb1 Qa5 19. a3 b5 20. cxb5 axb5 21. Nxb5 Ba6
22. Rb3 Rab8 23. Bf1 Qa4 24. Qc4 Qa5 25. a4 Qe1 26. Rf3 Ne4 27. Qe2 Nxg3+ 28.
Rxg3 Qxg3 29. Qg2 Qxg2+ 30. Kxg2 Bg7 31. b3 Rb6 32. Bd2 Rfb8 33. Ba5 Bxb5 34.
Bxb5 Rxb5 35. axb5 Rxb5 36. Bd2 c4 37. b4 Rxd5 38. Be3 Rd3 39. Bb6 Rb3 40. Rc1
Rxb4 41. Bd8 Kf8 42. Ba5 Ra4 43. Rb1 Ra2+ 44. Kf1 Ra1 45. Rxa1 Bxa1 46. Ke2 Kg7
0-1

[Event "III Weekend Hotel Corallo A"]
[Site "Imperia ITA"]
[Date "2008.11.22"]
[Round "3"]
[White "Nanni, Sergio"]
[Black "Bajada, Giacomo"]
[Result "1-0"]
[WhiteElo "1747"]
[BlackElo "1543"]
[PlyCount "47"]
[EventDate "2008.11.21"]

1. e4 c5 2. c3 Nc6 3. d4 cxd4 4. cxd4 e5 5. Nf3 Bb4+ 6. Bd2 Qa5 7. d5 Nd4 8.
Nxe5 d6 9. Nc4 Bxd2+ 10. Nbxd2 Qd8 11. Qa4+ Ke7 12. Qd1 a6 13. Nf3 Nb5 14. Be2
Nf6 15. a4 Nc7 16. e5 Ne4 17. Qd4 Bf5 18. exd6+ Nxd6 19. Qe5+ Ne6 20. dxe6 Bxe6
21. Rd1 Nxc4 22. Bxc4 Qb6 23. O-O Rac8 24. Bxe6 1-0

[Event "III Weekend Hotel Corallo A"]
[Site "Imperia ITA"]
[Date "2008.11.22"]
[Round "3"]
[White "Platino, Maurizio"]
[Black "Bertazzoni, Giuseppe"]
[Result "1/2-1/2"]
[WhiteElo "1900"]
[BlackElo "1922"]
[PlyCount "51"]
[EventDate "2008.11.21"]

1. d4 Nf6 2. c4 c5 3. d5 d6 4. Nc3 g6 5. e4 Bg7 6. Be2 Na6 7. Nf3 O-O 8. O-O
Nc7 9. h3 a6 10. a4 b6 11. Bd2 h6 12. Qc1 Kh7 13. Bd3 Nd7 14. Re1 Ne5 15. Nxe5
dxe5 16. Bc2 Ne8 17. f4 f6 18. Rf1 Nd6 19. Bd3 Bd7 20. fxe5 fxe5 21. Rxf8 Qxf8
22. Qf1 Qe8 23. Be3 a5 24. b3 Qh8 25. Qe2 Rf8 26. Rf1 1/2-1/2

[Event "III Weekend Hotel Corallo A"]
[Site "Imperia ITA"]
[Date "2008.11.22"]
[Round "3"]
[White "Ricca, Giorgio"]
[Black "Badano, Fabio"]
[Result "0-1"]
[WhiteElo "2047"]
[BlackElo "1811"]
[PlyCount "86"]
[EventDate "2008.11.21"]

1. e4 e6 2. d4 d5 3. exd5 exd5 4. c4 Nf6 5. Nc3 Bf5 6. Nf3 Be7 7. Qb3 O-O 8.
Qxb7 Nbd7 9. Nxd5 Nxd5 10. Qxd5 Bb4+ 11. Bd2 Re8+ 12. Kd1 Be4 13. Qh5 Nf6 14.
Qg5 Bxf3+ 15. gxf3 Qxd4 16. Kc2 Qxf2 17. Rd1 Rad8 18. Bd3 Rxd3 19. Kxd3 Qxf3+
20. Kc2 Qe4+ 21. Kc1 Qxc4+ 22. Kb1 Ne4 23. Rhe1 Bxd2 24. Rxd2 Nxd2+ 25. Qxd2
Rxe1+ 26. Qxe1 Qd3+ 27. Kc1 Qc4+ 28. Kb1 Qe6 29. Qd2 Qg6+ 30. Kc1 Qh6 31. Qxh6
gxh6 32. Kd2 Kf8 33. Kc3 Ke7 34. Kc4 Ke6 35. b3 h5 36. h4 h6 37. b4 c6 38. a3
a6 39. Kd4 f5 40. a4 Kd6 41. a5 Ke6 42. Kc5 f4 43. b5 cxb5 0-1

[Event "III Weekend Hotel Corallo A"]
[Site "Imperia ITA"]
[Date "2008.11.22"]
[Round "3"]
[White "Rossi Cassani, Gianni"]
[Black "Coqueraut, Jean Dominique"]
[Result "1-0"]
[WhiteElo "1825"]
[BlackElo "1892"]
[PlyCount "119"]
[EventDate "2008.11.21"]

1. e4 d6 2. d4 Nf6 3. Nc3 g6 4. h3 Bg7 5. Nf3 O-O 6. Bd3 Nc6 7. Be3 e5 8. d5
Ne7 9. Ne2 Nexd5 10. exd5 e4 11. Bxe4 Nxe4 12. Bd4 Nf6 13. O-O Re8 14. Ng3 Bd7
15. c4 c5 16. Bc3 b5 17. b3 bxc4 18. bxc4 Qb6 19. Qd2 Qa6 20. Rfc1 Re7 21. Qg5
h6 22. Qf4 Ne8 23. Bxg7 Kxg7 24. Qh4 Nf6 25. Qf4 Rae8 26. h4 Ne4 27. Nf1 f6 28.
Rc2 g5 29. hxg5 hxg5 30. Qc1 Kg6 31. Re2 Qa5 32. Ne3 Rh8 33. Nf1 Reh7 34. N3h2
f5 35. f3 Nf6 36. Qc2 Qd8 37. Rae1 Rf7 38. Ng3 Rh4 39. Nhf1 g4 40. f4 Nh5 41.
Nxh5 Rxh5 42. Ng3 Rh8 43. Re6+ Bxe6 44. Rxe6+ Rf6 45. Qxf5+ Kf7 46. Qxg4 Rxe6
47. dxe6+ Ke7 48. f5 Qg8 49. Qf3 Rh6 50. Qf4 Qf8 51. Ne4 Rxe6 52. Qg5+ Rf6 53.
Nxf6 Qxf6 54. Qxf6+ Kxf6 55. g4 Ke5 56. Kf2 d5 57. cxd5 Kxd5 58. f6 Ke6 59. g5
Kd6 60. Ke3 1-0

[Event "III Weekend Hotel Corallo A"]
[Site "Imperia ITA"]
[Date "2008.11.23"]
[Round "4"]
[White "Badano, Fabio"]
[Black "Mercandelli, Claudio"]
[Result "1/2-1/2"]
[WhiteElo "1811"]
[BlackElo "1937"]
[PlyCount "41"]
[EventDate "2008.11.21"]

1. e4 e6 2. d4 d5 3. Nc3 Nf6 4. e5 Nfd7 5. f4 a6 6. Be3 c5 7. Nf3 Nc6 8. Qd2 b5
9. dxc5 Bxc5 10. Nd4 Nxd4 11. Bxd4 Bxd4 12. Qxd4 Qb6 13. O-O-O Qxd4 14. Rxd4
Nc5 15. g3 Rb8 16. Bg2 b4 17. Ne2 a5 18. Rhd1 Ba6 19. Ng1 Ke7 20. f5 Rhc8 21.
Kb1 1/2-1/2

[Event "III Weekend Hotel Corallo A"]
[Site "Imperia ITA"]
[Date "2008.11.23"]
[Round "4"]
[White "Bajada, Giacomo"]
[Black "Martinoia, Luigi"]
[Result "1-0"]
[WhiteElo "1543"]
[BlackElo "1558"]
[PlyCount "138"]
[EventDate "2008.11.21"]

1. c4 b6 2. Nc3 e6 3. e4 Bb7 4. d3 Bb4 5. Qc2 Nc6 6. Be3 d5 7. exd5 exd5 8.
cxd5 Qxd5 9. Nf3 f6 10. O-O-O Bxc3 11. bxc3 Nge7 12. Re1 O-O-O 13. Be2 Nf5 14.
Bd2 Qc5 15. d4 Ncxd4 16. cxd4 Qxc2+ 17. Kxc2 Bxf3 18. Bxf3 Nxd4+ 19. Kc1 Nxf3
20. gxf3 h5 21. h4 Rd5 22. Re7 Rg8 23. Rg1 Rf5 24. f4 g6 25. Be3 Ra5 26. Kb2
Rb5+ 27. Ka1 a5 28. Re6 f5 29. Rgxg6 Rd8 30. Rg1 a4 31. Re5 Rdd5 32. Rxd5 Rxd5
33. a3 Kb7 34. Rg5 b5 35. Rxh5 Rd3 36. Bc1 Rc3 37. Bb2 Rc2 38. Rxf5 Rxf2 39.
Rxb5+ Ka6 40. Rb4 Ka5 41. Re4 Rf3 42. h5 Rh3 43. Re5+ Kb6 44. Bd4+ Kc6 45. Rc5+
Kd6 46. Ra5 Rxa3+ 47. Kb2 Rb3+ 48. Ka2 Rh3 49. Bg7 Rh4 50. h6 Rh2+ 51. Ka3 Rh3+
52. Kxa4 c5 53. Bf8+ Kd5 54. Rxc5+ Ke6 55. Rc6+ Kf5 56. Rc4 Rh1 57. Kb5 Kg6 58.
Rc6+ Kf5 59. Rc4 Kg6 60. Kc6 Rf1 61. Kd6 Re1 62. Kd5 Rd1+ 63. Ke4 Re1+ 64. Kf3
Kh7 65. Kg4 Rg1+ 66. Kf5 Rg8 67. Rc7+ Kh8 68. Bd6 Rg1 69. Be5+ Kg8 1-0

[Event "III Weekend Hotel Corallo A"]
[Site "Imperia ITA"]
[Date "2008.11.23"]
[Round "4"]
[White "Bertazzoni, Giuseppe"]
[Black "Rossi Cassani, Gianni"]
[Result "1/2-1/2"]
[WhiteElo "1922"]
[BlackElo "1825"]
[PlyCount "73"]
[EventDate "2008.11.21"]

1. e4 g6 2. c4 Bg7 3. d4 d6 4. Nc3 a6 5. Be3 Nd7 6. Qd2 h6 7. Bd3 e6 8. Nge2
Ne7 9. O-O b6 10. Rac1 e5 11. f4 exf4 12. Nxf4 Nf6 13. h3 g5 14. Nfd5 Nexd5 15.
exd5 O-O 16. Bf5 Bxf5 17. Rxf5 Nh7 18. Rcf1 Qe7 19. R1f3 Rae8 20. Qf2 Qd7 21.
g4 Re7 22. c5 Rd8 23. c6 Qe8 24. Qd2 Nf8 25. Bf2 Ng6 26. Bg3 b5 27. a3 b4 28.
axb4 Rb8 29. b5 axb5 30. b4 Qc8 31. Re3 Rxe3 32. Qxe3 Qa6 33. Rf1 Qa3 34. Rb1
Qa7 35. Rd1 Qa3 36. Rb1 Qa7 37. Rd1 1/2-1/2

[Event "III Weekend Hotel Corallo A"]
[Site "Imperia ITA"]
[Date "2008.11.23"]
[Round "4"]
[White "Cardona, Paolo"]
[Black "Gallitto, Salvatore"]
[Result "1-0"]
[WhiteElo "1880"]
[BlackElo "1960"]
[PlyCount "61"]
[EventDate "2008.11.21"]

1. e4 d6 2. g3 e5 3. Bg2 Be7 4. d3 h5 5. c4 Nc6 6. Nc3 Nd4 7. Be3 Ne6 8. Qd2 c6
9. Nge2 h4 10. h3 hxg3 11. fxg3 Bg5 12. O-O-O Bd7 13. d4 Be7 14. Kb1 Qc7 15. d5
Nd8 16. c5 Qc8 17. cxd6 Bf8 18. dxc6 bxc6 19. Na4 Ne6 20. Nc5 Nxc5 21. Bxc5 a5
22. Qg5 Qb7 23. Qxe5+ Kd8 24. Qc3 a4 25. Nd4 Rh5 26. g4 Rh6 27. Nf5 Rg6 28. Be3
a3 29. b3 Nh6 30. Ne7 Re6 31. g5 1-0

[Event "III Weekend Hotel Corallo A"]
[Site "Imperia ITA"]
[Date "2008.11.23"]
[Round "4"]
[White "Coqueraut, Jean Dominique"]
[Black "Moschetto, Giuliano"]
[Result "1-0"]
[WhiteElo "1892"]
[BlackElo "1698"]
[PlyCount "126"]
[EventDate "2008.11.21"]

1. d4 Nf6 2. Nf3 b6 3. g3 Bb7 4. Bg2 d5 5. O-O e6 6. c4 c5 7. Bg5 Be7 8. dxc5
Bxc5 9. Nbd2 Be7 10. Ne5 O-O 11. cxd5 Bxd5 12. Ndf3 Nfd7 13. Bxe7 Qxe7 14. Qa4
Nxe5 15. Nxe5 Bxg2 16. Kxg2 Qb7+ 17. f3 f6 18. Nd3 Na6 19. Qb3 Qe7 20. Rac1
Rac8 21. Rc4 Rxc4 22. Qxc4 Nc5 23. Nf4 Re8 24. b4 Nd7 25. Nd3 Kh8 26. Rc1 Nf8
27. b5 h6 28. Qc7 Kg8 29. Rc6 Kf7 30. Nb4 Nd7 31. Rd6 Ne5 32. Na6 Qxc7 33. Nxc7
Re7 34. Na6 Rd7 35. Rxd7+ Nxd7 36. Nb4 Nb8 37. Kf2 Ke7 38. Ke3 Kd6 39. Kd4 f5
40. f4 g5 41. Nd3 a6 42. a4 axb5 43. axb5 gxf4 44. gxf4 Nd7 45. e3 Nf6 46. Ne5
Ng4 47. Nc4+ Kc7 48. h3 Nf2 49. Ke5 Nxh3 50. Kxe6 Nf2 51. Kxf5 h5 52. Kg5 Ne4+
53. Kxh5 Nc3 54. Na3 Nd5 55. Nc4 Nc3 56. Kg6 Nxb5 57. f5 Nc3 58. f6 b5 59. Nb2
Nd5 60. f7 Ne7+ 61. Kg5 Nd5 62. f8=Q Kc6 63. e4 Ne3 1-0

[Event "III Weekend Hotel Corallo A"]
[Site "Imperia ITA"]
[Date "2008.11.23"]
[Round "4"]
[White "De Luca, Fabio"]
[Black "Noli, Giovanni"]
[Result "1-0"]
[WhiteElo "1736"]
[BlackElo "1954"]
[PlyCount "63"]
[EventDate "2008.11.21"]

1. e4 c6 2. d4 d5 3. exd5 cxd5 4. Bd3 Nf6 5. Nf3 Bg4 6. h3 Bh5 7. Bf4 Nc6 8. c3
e6 9. Nbd2 Bd6 10. Bxd6 Qxd6 11. O-O Bg6 12. Nb3 Bxd3 13. Qxd3 O-O 14. Qe3 Rfe8
15. Rfe1 Ne7 16. Ne5 Nf5 17. Qf3 h5 18. g4 hxg4 19. hxg4 Nh4 20. Qf4 Rf8 21. g5
Ne4 22. Qxh4 Qd8 23. Kg2 Qxg5+ 24. Qxg5 Nxg5 25. Re3 g6 26. Rh1 Kg7 27. Nc5 b6
28. f4 bxc5 29. fxg5 cxd4 30. cxd4 f6 31. Reh3 fxg5 32. Rh7+ 1-0

[Event "III Weekend Hotel Corallo A"]
[Site "Imperia ITA"]
[Date "2008.11.23"]
[Round "4"]
[White "Fassi, Filippo"]
[Black "Platino, Maurizio"]
[Result "0-1"]
[WhiteElo "1663"]
[BlackElo "1900"]
[PlyCount "98"]
[EventDate "2008.11.21"]

1. e4 e6 2. d4 d5 3. Nd2 c5 4. c3 Nc6 5. Ngf3 cxd4 6. cxd4 Nf6 7. e5 Nd7 8. Bd3
Be7 9. O-O O-O 10. Re1 f5 11. Nf1 Kh8 12. Ng3 Rg8 13. Nh5 g5 14. Bf1 Qe8 15.
Nf6 Nxf6 16. exf6 Bxf6 17. Ne5 Bxe5 18. dxe5 Qg6 19. Be2 Bd7 20. Bh5 Qg7 21. b3
Rac8 22. g4 Ne7 23. Kh1 Bc6 24. Rg1 h6 25. Qe2 Rcf8 26. Bd2 d4+ 27. f3 fxg4 28.
Bxg4 Qf7 29. Rg3 Nf5 30. Bxf5 Qxf5 31. Rf1 a6 32. Rf2 Kh7 33. Kg1 Bb5 34. Qe1
h5 35. Qe4 Qxe4 36. fxe4 Rxf2 37. Kxf2 Rf8+ 38. Rf3 Rxf3+ 39. Kxf3 Kg6 40. h3
Bf1 41. Kg3 h4+ 42. Kh2 Bd3 43. Bc1 Bxe4 44. Bb2 d3 45. Bc3 Kf5 46. Kg1 g4 47.
hxg4+ Kxg4 48. Kh2 Bf5 49. Bd2 Kf3 0-1

[Event "III Weekend Hotel Corallo A"]
[Site "Imperia ITA"]
[Date "2008.11.23"]
[Round "4"]
[White "Federico, Giancarlo"]
[Black "Soukupova, Teresa"]
[Result "1/2-1/2"]
[WhiteElo "1762"]
[BlackElo "1626"]
[PlyCount "97"]
[EventDate "2008.11.21"]

1. d4 f5 2. g3 Nf6 3. c4 e6 4. Bg2 Bb4+ 5. Nd2 Nc6 6. Ngf3 d6 7. O-O Bxd2 8.
Bxd2 Ne4 9. Be3 Bd7 10. d5 Na5 11. Qc2 b6 12. b4 Nb7 13. dxe6 Bxe6 14. Nd4 Qe7
15. Bxe4 fxe4 16. Qxe4 Bc8 17. Qc6+ Qd7 18. Qd5 h5 19. h4 a5 20. b5 Rb8 21.
Qe4+ Kf7 22. Nc6 Ra8 23. Rad1 Re8 24. Qd5+ Kg6 25. Qg5+ Kh7 26. Qxh5+ Kg8 27.
Rd5 Nc5 28. Bd4 Bb7 29. Bxc5 bxc5 30. Rf5 Rf8 31. Rxf8+ Rxf8 32. Nxa5 Be4 33.
f3 Qh3 34. Qg4 Bf5 35. Qxh3 Bxh3 36. Ra1 Be6 37. a4 Ra8 38. Nb3 Bxc4 39. Nc1
Bxb5 40. a5 Kf7 41. Kf2 Ke6 42. Ke3 d5 43. h5 Kf5 44. Kd2 Ke5 45. g4 d4 46.
Nd3+ Kd5 47. Nf4+ Ke5 48. Nd3+ Kd5 49. Nf4+ 1/2-1/2

[Event "III Weekend Hotel Corallo A"]
[Site "Imperia ITA"]
[Date "2008.11.23"]
[Round "4"]
[White "Lo Dico, Angela"]
[Black "Formento, Paolo"]
[Result "0-1"]
[WhiteElo "1710"]
[BlackElo "1794"]
[PlyCount "120"]
[EventDate "2008.11.21"]

1. f4 d5 2. Nf3 c5 3. e3 Nf6 4. Be2 Nc6 5. b3 g6 6. Bb2 Bg7 7. O-O O-O 8. Nc3
Bf5 9. d4 cxd4 10. Nxd4 Nxd4 11. exd4 Rc8 12. Rc1 h5 13. h3 Ne4 14. Nxe4 Bxe4
15. Bd3 Bxd3 16. Qxd3 e6 17. a4 Qb6 18. g3 Rc6 19. Kg2 Rfc8 20. Rf2 Qc7 21. c3
Qb6 22. Qd1 Qd8 23. h4 R8c7 24. b4 Qc8 25. Rfc2 Rc4 26. Rd2 Bf8 27. b5 Bb4 28.
cxb4 Rxc1 29. Bxc1 Rxc1 30. Qb3 Qc4 31. Qxc4 Rxc4 32. a5 Rxb4 33. b6 axb6 34.
axb6 Rxb6 35. Rd3 Kf8 36. Kf3 Ke7 37. g4 f5 38. gxh5 gxh5 39. Rc3 Rc6 40. Rb3
Rc7 41. Ke3 Kd7 42. Rb6 Rc3+ 43. Kf2 Rd3 44. Rxb7+ Kd6 45. Rb6+ Ke7 46. Rb7+
Kf6 47. Rh7 Rxd4 48. Ke3 Re4+ 49. Kf3 Kg6 50. Rh8 d4 51. Rg8+ Kh7 52. Rd8 Kg6
53. Rd6 Kf7 54. Rd7+ Kf6 55. Rd8 Ke7 56. Rh8 Kd6 57. Rxh5 d3 58. Rh8 Kc5 59.
Rc8+ Kb4 60. h5 d2 0-1

[Event "III Weekend Hotel Corallo A"]
[Site "Imperia ITA"]
[Date "2008.11.23"]
[Round "4"]
[White "Mela, Riccardo"]
[Black "Squara, Marco"]
[Result "1-0"]
[WhiteElo "2038"]
[BlackElo "1610"]
[PlyCount "79"]
[EventDate "2008.11.21"]

1. e4 c5 2. Nf3 Nc6 3. d4 cxd4 4. Nxd4 g6 5. Be3 Bg7 6. Bc4 Nf6 7. f3 d5 8. Bb5
Bd7 9. Bxc6 bxc6 10. e5 Ng8 11. f4 e6 12. Nb3 Ne7 13. O-O O-O 14. Nc3 f6 15.
Bd4 fxe5 16. Bxe5 Bxe5 17. fxe5 Nf5 18. Qe2 Qe7 19. Na4 c5 20. Naxc5 Rfc8 21.
Nxd7 Qxd7 22. c3 Rc4 23. Rad1 Qa4 24. Qf2 Rc7 25. Nd4 Nxd4 26. Rxd4 Qe8 27. Rf4
Rac8 28. Rf6 Kg7 29. Qd4 Re7 30. R1f3 Rcc7 31. Qf2 Rb7 32. Rf8 Qc6 33. h4 Qc7
34. Qg3 Rxb2 35. Qg5 Qc5+ 36. Kh2 Rb1 37. h5 Qg1+ 38. Kg3 Qe1+ 39. Kg4 Qe4+ 40.
R8f4 1-0

[Event "III Weekend Hotel Corallo A"]
[Site "Imperia ITA"]
[Date "2008.11.23"]
[Round "4"]
[White "Nanni, Sergio"]
[Black "Melling, Jonathon"]
[Result "0-1"]
[WhiteElo "1747"]
[BlackElo "1850"]
[PlyCount "70"]
[EventDate "2008.11.21"]

1. e4 c5 2. c3 d5 3. exd5 Qxd5 4. d4 Nc6 5. Nf3 Bg4 6. Be2 e6 7. O-O Nf6 8. Qa4
Bd6 9. c4 Qh5 10. Nbd2 Bxh2+ 11. Nxh2 Bxe2 12. d5 exd5 13. Re1 O-O 14. cxd5 Nd4
15. Ndf1 Bxf1 16. Rxf1 Ng4 17. Bf4 Nxh2 18. Bxh2 Qxd5 19. Rfe1 Qg5 20. Re3 Qg4
21. b4 Nf5 22. Re5 cxb4 23. Rae1 Nh4 24. Bg3 Ng6 25. R5e4 Qf5 26. Bd6 b5 27.
Qxb4 Rfc8 28. a4 bxa4 29. Qxa4 h6 30. Ba3 a5 31. Bb2 Qd5 32. Rd1 Qc5 33. Rde1
Rab8 34. Ba3 Qb5 35. Re8+ Rxe8 0-1

[Event "III Weekend Hotel Corallo A"]
[Site "Imperia ITA"]
[Date "2008.11.23"]
[Round "4"]
[White "Pedemonte, Claudio"]
[Black "Astengo, Marcello"]
[Result "0-1"]
[WhiteElo "1832"]
[BlackElo "2100"]
[PlyCount "101"]
[EventDate "2008.11.21"]

1. c4 e6 2. d4 Nf6 3. Nf3 d5 4. e3 c6 5. Nbd2 Bd6 6. Bd3 O-O 7. O-O Nbd7 8. Re1
e5 9. cxd5 Nxd5 10. Nc4 Bb4 11. Bd2 exd4 12. exd4 N7f6 13. Nce5 Qa5 14. Nc4 Qc7
15. a3 Bxd2 16. Qxd2 Bg4 17. Nce5 Bxf3 18. Nxf3 Rad8 19. b4 Nf4 20. Bc4 N6d5
21. Re4 Rfe8 22. Ne5 Ng6 23. Rae1 Nxe5 24. Rxe5 Rxe5 25. dxe5 Nb6 26. Qa2 Nxc4
27. Qxc4 Rd5 28. Qg4 Qe7 29. f4 h6 30. Qg3 Qd7 31. Qe3 a6 32. Ra1 Rd2 33. Re1
Rd3 34. Qe2 Qd4+ 35. Kh1 Qd5 36. h3 Rxa3 37. Qg4 Ra2 38. Qc8+ Kh7 39. Qf5+ g6
40. Qg4 h5 41. Qg3 Rb2 42. f5 gxf5 43. Qg5 Qd2 44. Qxh5+ Kg7 45. Rg1 Qf4 46.
Rd1 Rf2 47. e6 Rf1+ 48. Rxf1 Qxf1+ 49. Kh2 Qf4+ 50. Kh1 fxe6 51. Qe8 0-1

[Event "III Weekend Hotel Corallo A"]
[Site "Imperia ITA"]
[Date "2008.11.23"]
[Round "4"]
[White "Roversi, Stefano"]
[Black "Carzolio, Luigi"]
[Result "0-1"]
[WhiteElo "1839"]
[BlackElo "1937"]
[PlyCount "64"]
[EventDate "2008.11.21"]

1. e4 c5 2. Nf3 g6 3. d4 cxd4 4. Nxd4 Nc6 5. Nxc6 bxc6 6. Bc4 Bg7 7. Qf3 e6 8.
Nc3 d5 9. exd5 cxd5 10. O-O Ne7 11. Bg5 O-O 12. Rfe1 Qc7 13. Bxe7 Qxe7 14. Nxd5
Qc5 15. Ne7+ Qxe7 16. Qxa8 Bxb2 17. Rab1 Bc3 18. Re3 Bd4 19. Rf3 Bb6 20. Rxb6
axb6 21. Qa3 Qc7 22. Rc3 Rd8 23. Bf1 Qe5 24. Rc6 Bb7 25. Rxb6 Be4 26. Qe7 Rd1
27. Qe8+ Kg7 28. Rb8 Qa1 29. Qh8+ Kh6 30. Qxa1 Rxa1 31. Rb2 Bd5 32. c4 Bxc4 0-1

[Event "III Weekend Hotel Corallo A"]
[Site "Imperia ITA"]
[Date "2008.11.23"]
[Round "4"]
[White "Ruggeri, Claudio"]
[Black "Mongelli, Ferdinando"]
[Result "0-1"]
[WhiteElo "1745"]
[BlackElo "1686"]
[PlyCount "82"]
[EventDate "2008.11.21"]

1. d4 d5 2. c4 e6 3. Nc3 c5 4. Nf3 cxd4 5. Nxd4 dxc4 6. e3 Nf6 7. Bxc4 Be7 8.
O-O O-O 9. Qe2 Bd7 10. Rd1 Qc7 11. b3 a6 12. Bb2 Nc6 13. Rac1 Rad8 14. Nf3 Qa5
15. Bd3 Nb4 16. Bb1 Qh5 17. a3 Nbd5 18. Ne4 Nxe4 19. Bxe4 Bb5 20. Qe1 Bc6 21.
Nd4 Be8 22. Ne2 Bc6 23. Ng3 Qh6 24. Bb1 f5 25. f4 Bh4 26. Bd4 Qg6 27. Bd3 Rd7
28. a4 Nxf4 29. exf4 Rxd4 30. Qe3 Rfd8 31. Rd2 Bxg3 32. hxg3 Qe8 33. Rcd1 Qd7
34. Bxf5 Rxd2 35. Bxe6+ Kh8 36. Bxd7 Rxd1+ 37. Kh2 R1xd7 38. g4 Rd2 39. Qe7 h6
40. g5 h5 41. Qf7 Rxg2+ 0-1

[Event "III Weekend Hotel Corallo A"]
[Site "Imperia ITA"]
[Date "2008.11.23"]
[Round "4"]
[White "Stefanetti, Marco"]
[Black "Labarthe, Arnaud"]
[Result "1/2-1/2"]
[WhiteElo "2090"]
[BlackElo "1872"]
[PlyCount "91"]
[EventDate "2008.11.21"]

1. d4 Nf6 2. Nf3 c5 3. c3 e6 4. Bg5 h6 5. Bh4 cxd4 6. Nxd4 d5 7. Nd2 Be7 8. e3
O-O 9. Bd3 Nbd7 10. O-O Ne5 11. Bc2 Ng6 12. Bg3 Bd6 13. Qb1 Bxg3 14. hxg3 Ne5
15. Qd1 Nfg4 16. Qe2 f5 17. f4 Nc6 18. N2f3 a6 19. a3 Qe8 20. Nh2 Nf6 21. g4
fxg4 22. Nxc6 Qxc6 23. Nxg4 Nxg4 24. Qxg4 e5 25. Qg6 e4 26. Qxc6 bxc6 27. Rfd1
Rf6 28. b4 Bb7 29. Kf2 g5 30. g3 Kg7 31. c4 h5 32. Kg2 h4 33. Rf1 hxg3 34. fxg5
Rxf1 35. Rxf1 a5 36. Rb1 axb4 37. Rxb4 Bc8 38. a4 Ba6 39. Rb6 Bxc4 40. Rxc6 Rf8
41. Rf6 Rxf6 42. gxf6+ Kxf6 43. Kxg3 Ke5 44. Kf2 d4 45. exd4+ Kxd4 46. Bxe4
1/2-1/2

[Event "III Weekend Hotel Corallo A"]
[Site "Imperia ITA"]
[Date "2008.11.23"]
[Round "5"]
[White "Arata, Roberto Mario"]
[Black "Astengo, Marcello"]
[Result "1-0"]
[WhiteElo "2199"]
[BlackElo "2100"]
[PlyCount "111"]
[EventDate "2008.11.21"]

1. d4 d5 2. c4 c6 3. Nf3 e6 4. Nc3 dxc4 5. e3 b5 6. Be2 Nf6 7. O-O Nbd7 8. a4
Qb6 9. Nd2 Bb7 10. b3 Bb4 11. Na2 Bxd2 12. Bxd2 cxb3 13. Qxb3 a6 14. a5 Qd8 15.
Qa3 Ne4 16. Be1 Qe7 17. Bb4 c5 18. dxc5 Bc6 19. Bf3 f5 20. Rad1 O-O 21. Bxe4
fxe4 22. Rd6 Rac8 23. Qb3 Rf6 24. Rfd1 Rg6 25. Kf1 Ne5 26. Bc3 Nd3 27. Nb4 Nxc5
28. Nxc6 Rxc6 29. Rd8+ Kf7 30. Qb4 e5 31. R1d5 Rge6 32. Bb2 Qh4 33. Ba3 Rf6 34.
f3 Qxh2 35. R8d7+ Kg6 36. Rxc5 Qh1+ 37. Kf2 Qh4+ 38. Ke2 Rxc5 39. Qxc5 exf3+
40. gxf3 Qh2+ 41. Kd3 Rxf3 42. Qe7 Qh6 43. Qe6+ Kg5 44. Qxe5+ Kh4 45. Be7+ Kh3
46. Rd4 Qg6+ 47. Kc3 Qc6+ 48. Kb4 Kg2 49. Rg4+ Kf1 50. Qa1+ Kf2 51. Qa2+ Kf1
52. Qb1+ Kf2 53. Bh4+ Ke2 54. Qb2+ Kxe3 55. Qd4+ Ke2 56. Rg2+ 1-0

[Event "III Weekend Hotel Corallo A"]
[Site "Imperia ITA"]
[Date "2008.11.23"]
[Round "5"]
[White "Carzolio, Luigi"]
[Black "Cardona, Paolo"]
[Result "1-0"]
[WhiteElo "1937"]
[BlackElo "1880"]
[PlyCount "66"]
[EventDate "2008.11.21"]

1. e4 e5 2. Nf3 Nc6 3. d4 exd4 4. Bc4 Be7 5. c3 d6 6. cxd4 Nf6 7. Nc3 O-O 8.
Bb3 Na5 9. Bc2 c5 10. d5 a6 11. a4 Bg4 12. h3 Bh5 13. O-O Nd7 14. g4 Bg6 15.
Nd2 Bf6 16. f4 Bd4+ 17. Kg2 h6 18. Nf3 Bxc3 19. bxc3 Qf6 20. Rb1 Rab8 21. f5
Bh7 22. g5 Qe7 23. gxh6 Nf6 24. hxg7 Kxg7 25. Bg5 Nc4 26. Qe1 Na3 27. Qh4 Nxc2
28. Qh6+ Kg8 29. Qxf6 Ne3+ 30. Kf2 Qxf6 31. Bxf6 Nxf1 32. Rxf1 Rfe8 33. Rg1+
Kf8 1-0

[Event "III Weekend Hotel Corallo A"]
[Site "Imperia ITA"]
[Date "2008.11.23"]
[Round "5"]
[White "Fassi, Filippo"]
[Black "De Luca, Fabio"]
[Result "0-1"]
[WhiteElo "1663"]
[BlackElo "1736"]
[PlyCount "72"]
[EventDate "2008.11.21"]

1. e4 c5 2. Nf3 Nf6 3. Nc3 d5 4. e5 d4 5. exf6 dxc3 6. fxg7 cxd2+ 7. Bxd2 Bxg7
8. c3 Nc6 9. Bb5 Bd7 10. O-O Qc7 11. Rc1 a6 12. Ba4 O-O 13. Bc2 h6 14. Re1 Bg4
15. h3 Bh5 16. Bd3 Rad8 17. Be2 Bg6 18. Nh4 Bh7 19. Bh5 Ne5 20. Ra1 Nc4 21. Re2
Nxb2 22. Qb3 Nd3 23. Bg6 c4 24. Bxh7+ Kxh7 25. Qc2 Qc5 26. Be3 Qh5 27. Nf3 Rg8
28. Kh1 Kh8 29. Bd4 e5 30. Bb6 Rde8 31. Re4 Rc8 32. Qe2 Qg6 33. Ba7 f5 34. Nxe5
Bxe5 35. f4 fxe4 36. fxe5 Nf4 0-1